| 000 | 01747nam a2200313 a 4500 | ||
|---|---|---|---|
| 999 |
_c2889 _d2889 |
||
| 001 | 015306278 | ||
| 003 | UkOxU | ||
| 005 | 20230911080658.0 | ||
| 008 | 010928s2002 enkoa b 000 0 eng d | ||
| 015 | _aGB A1-V1733 | ||
| 020 | _a190343632X | ||
| 020 | _a1903436338 (pbk.) | ||
| 020 | _a9781903436332 | ||
| 035 | _aBNB2662.3428 | ||
| 035 | _a(OCoLC)50727899 | ||
| 040 |
_aBDS _cKH8 |
||
| 082 | 0 |
_a822.33 SHA _221 |
|
| 100 | 1 |
_aShakespeare, William, _d1564-1616. _eauthor. |
|
| 240 | 1 | 0 | _aKing Richard II |
| 245 | 1 | 0 |
_aKing Richard II / _cedited by Charles R. Forker. |
| 260 |
_aLondon : _bArden Shakespeare, _c2002. |
||
| 300 |
_axviii, 593 p. : _bill. ; _c21 cm. |
||
| 490 | 1 | _aArden Shakespeare. 3rd series. | |
| 500 | _aPrevious ed.: London: Athlone, 1998 | ||
| 520 | _aThis richly annotated edition takes a fresh look at the first part of Shakespeare's second tetralogy of history plays, showing how it relates to the other plays in the sequence. Forker places the play in its political context, discussing its relation to competing theories of monarchy, looking at how it faced censorship because of possible comparisons between Richard II and Elizabeth I, and how Bolingbroke's rebellion could be compared to the Essex rising of the time. This edition also reconsiders Shakespeare's use of sources, asking why he chose to emphasise one approach over another. Forker also looks at the play's rich afterlife, and the many interpretations that actors and directors have taken. Finally, the edition looks closely at the aesthetic relationship between language, character, structure and political import. | ||
| 700 | 1 |
_aForker, Charles R, _eeditor. |
|
| 800 | 1 |
_aShakespeare, William, _d1564-1616. _tWorks. _f1995. |
|
| 942 |
_2ddc _cTR |
||